The Crises of Pricing Petroleum Products in Nigeria (Record no. 2241)

MARC details
000 -LEADER
fixed length control field 00355nam a22001337a 4500
008 - FIXED-LENGTH DATA ELEMENTS--GENERAL INFORMATION
fixed length control field 250311b |||||||| |||| 00| 0 eng d
020 ## - INTERNATIONAL STANDARD BOOK NUMBER
ISBN 9780231404
100 ## - MAIN ENTRY--AUTHOR
Author Aremu Issa
245 ## - TITLE STATEMENT
Title The Crises of Pricing Petroleum Products in Nigeria
260 ## - PUBLICATION, DISTRIBUTION, ETC. (IMPRINT)
Place of publication Nigeria
Name of publisher Malthouse Press Limited
Date of publication 2001
300 ## - COLLATION
Pagination 125p.
942 ## - ADDED ENTRY ELEMENTS (KOHA)
Item type Books
050 ## - LIBRARY OF CONGRESS CALL NUMBER
Classification number HD 9560
Item number .A74
Holdings
Source of classification or shelving scheme Not for loan Permanent location Current location Date acquired Accession No. Full call number Barcode. Koha item type
Library of Congress Classification   Samuel Ogbemudia Main Library, University of Abuja Samuel Ogbemudia Main Library, University of Abuja 03/11/2025 2003/15121 HD 9560.A74 2025-0484 Books
Library of Congress Classification   Samuel Ogbemudia Main Library, University of Abuja Samuel Ogbemudia Main Library, University of Abuja 03/11/2025 2003/15121 HD 9560.A74 2025-0485 Books
Library of Congress Classification   Samuel Ogbemudia Main Library, University of Abuja Samuel Ogbemudia Main Library, University of Abuja 03/11/2025 2003/15121 HD 9560.A74 2025-0486 Books